000 00635nam a22002057a 4500
003 OSt
005 20260427011122.0
008 260427b |||||||| |||| 00| 0 eng d
020 _a0-07-134852-2
040 _aDWC-Main lib.
_cOC
082 _22nd ed.
_aCirc. 519.5 Sa39s 2002
100 _aReagle, Derrick
245 _aSchaum's outline of theory and problems of statistics and econometrics/
_cDerrick Reagle
260 _aNew York :
_bMcGraw-Hill,
_cc2002.
300 _aiii, 328 p. ;
_c28 cm.
504 _aIncludes index.
700 _aSalvatore, Dominick
760 _b2nd ed.
942 _2ddc
_cBK-CIRC
_e2nd ed.
_hCirc.
_n0
999 _c9895
_d9895